| 000 | 01107cam a2200265 a 4500 | ||
|---|---|---|---|
| 001 | 000013568 | ||
| 005 | 20200929163256.0 | ||
| 008 | 920817s1992 sp b 001 0 spa | ||
| 020 | _a8423963276 | ||
| 040 |
_aDO-SdBNP _bspa _cDLC _dBNPHU |
||
| 082 |
_a338.946 _bS456i |
||
| 100 | 1 |
_aSegura, Julio. _930942 |
|
| 245 | 1 | 3 |
_aLa industria española y la competitividad : _bdiscurso de recepción del académico de número Excmo. Sr. D. Julio Segura Sánchez y contestación del Excmo. Sr. D. Luis Ángel Rojo Duque : sesión del 11 de febrero de 1992 / _cJulio Segura Sánchez, Luis Ángel Rojo Duque. |
| 260 |
_aMadrid : _bEspasa Calpe, _c1992. |
||
| 300 |
_a95 p. ; _c21 cm. |
||
| 490 | 1 |
_aBiblioteca de economía _aEstudios |
|
| 504 | _aIncluye referencias bibliográficas (p. [77] -80). | ||
| 650 | 4 |
_aIndustrias _zEspaña _xHistoria _930943 |
|
| 650 | 4 |
_aPolítica industrial _zEspaña _930944 |
|
| 650 | 4 |
_aMacroeconomia _zEspaña _930945 |
|
| 700 | 1 |
_aRojo Duque, Luis Ángel _930946 |
|
| 830 | 0 |
_aBiblioteca de economía ; _pEstudios _930947 |
|
| 910 | _aCatalogación por copia / LC | ||
| 049 | _aBNGR | ||
| 999 |
_c13190 _d13190 |
||